000 00507nam a2200193Ia 4500
008 200601s9999 xx 000 0 und d
020 _a978-971-27-3438-0
050 _aFIL PL 6058.9
050 _b.B38 2018
100 _aBautista, Lualhati.
245 0 _aBata, bata… pa'no ka ginawa? /
245 0 _cLualhati Bautista.
260 _aMandaluyong City :
260 _bAnvil Publishing,
260 _c2018
300 _a209 pages :
300 _c19 cm.
650 _aPhilippine fiction (Tagalog).
999 _c363181
_d363181